| 000 -LEADER |
| fixed length control field |
00630nam a22001577a 4500 |
| 003 - CONTROL NUMBER IDENTIFIER |
| control field |
OSt |
| 005 - DATE AND TIME OF LATEST TRANSACTION |
| control field |
20150916172757.0 |
| 008 - FIXED-LENGTH DATA ELEMENTS--GENERAL INFORMATION |
| fixed length control field |
150916b xxu||||| |||| 00| 0 eng d |
| 040 ## - CATALOGING SOURCE |
| Transcribing agency |
RUA |
| 082 ## - DEWEY DECIMAL CLASSIFICATION NUMBER |
| Classification number |
AGR KOE 1999 BOO25 Or.1 |
| 100 ## - MAIN ENTRY--PERSONAL NAME |
| 9 (RLIN) |
626 |
| Personal name |
KOEUT,PHALLYN |
| 245 ## - TITLE STATEMENT |
| Title |
ADOPTION OF GREEN MANURE BEFORE RAINFED LOWLAND RICE IN CAMBODIA,(ការទទួលយកបច្ចេកទេសវិជ្ជាដំណាំជីស្រស់ដាំមុនស្រូវវស្សានៅប្រទឹសកមម្ពុជា). |
| 260 ## - PUBLICATION, DISTRIBUTION, ETC. (IMPRINT) |
| Place of publication, distribution, etc. |
phnom phen |
| Name of publisher, distributor, etc. |
RUA |
| Date of publication, distribution, etc. |
1999 |
| 300 ## - PHYSICAL DESCRIPTION |
| Extent |
67P. |
| Other physical details |
ILL. |
| Dimensions |
29CM. |
| 942 ## - ADDED ENTRY ELEMENTS (KOHA) |
| Source of classification or shelving scheme |
|
| Koha item type |
AGR |